[Event "SportAccord MindGames Final Tournament"]
[Site "playchess.com #044013"]
[Date "2011.10.29"]
[Round "5"]
[White "DirtyJoker"]
[Black "LAXMAN"]
[Result "1-0"]
[WhiteElo "2600"]
[BlackElo "2671"]
[PlyCount "61"]
[EventDate "2011.10.29"]
[EventType "tourn (blitz)"]

1. d4 {[%emt 0:00:02]} Nf6 {[%emt 0:00:02]} 2. c4 {[%emt 0:00:01]} e6 {[%emt 0:
00:01]} 3. g3 {[%emt 0:00:01]} Bb4+ {[%emt 0:00:02]} 4. Bd2 {[%emt 0:00:01]} a5
{[%emt 0:00:01]} 5. Bg2 {[%emt 0:00:02]} d5 {[%emt 0:00:02]} 6. Qc2 {[%emt 0:
00:09]} O-O {[%emt 0:00:03]} 7. Nf3 {[%emt 0:00:02]} c5 {[%emt 0:00:01]} 8.
cxd5 {[%emt 0:00:08]} cxd4 {[%emt 0:00:02]} 9. O-O {[%emt 0:00:09]} Qxd5 {
[%emt 0:00:05]} 10. Bf4 {[%emt 0:00:14]} Nc6 {[%emt 0:00:06]} 11. Ne5 {[%emt 0:
00:44]} Qc5 {[%emt 0:00:02]} 12. Qxc5 {[%emt 0:00:15]} Bxc5 {[%emt 0:00:00]}
13. Rc1 {[%emt 0:00:10]} Nxe5 {[%emt 0:00:20]} 14. Rxc5 {[%emt 0:00:02]} Ned7 {
[%emt 0:00:00]} 15. Rb5 {[%emt 0:00:01]} Re8 {[%emt 0:00:13]} 16. Bd6 {[%emt 0:
00:05]} Ra6 {[%emt 0:00:04]} 17. Ba3 {[%emt 0:00:05]} e5 {[%emt 0:00:11]} 18.
Nd2 {[%emt 0:00:01]} e4 {[%emt 0:00:04]} 19. Rc1 {[%emt 0:00:02]} Rae6 {[%emt
0:00:13]} 20. Rxa5 {[%emt 0:00:03]} b6 {[%emt 0:00:12]} 21. Ra7 {[%emt 0:00:03]
} h5 {[%emt 0:00:13]} 22. Bh3 {[%emt 0:00:15]} Ng4 {[%emt 0:00:03]} 23. Rxc8 {
[%emt 0:00:05]} Rxc8 {[%emt 0:00:03]} 24. Rxd7 {[%emt 0:00:01]} e3 {[%emt 0:00:
10]} 25. fxe3 {[%emt 0:00:08]} Rxe3 {[%emt 0:00:05]} 26. Rxd4 {[%emt 0:00:09]}
Rxe2 {[%emt 0:00:06]} 27. Nf1 {[%emt 0:00:09]} f5 {[%emt 0:00:09]} 28. Bg2 {
[%emt 0:00:03]} Rcc2 {[%emt 0:00:15]} 29. Bf3 {[%emt 0:00:01]} Re1 {[%emt 0:00:
05]} 30. Rd1 {[%emt 0:00:05]} Nxh2 {[%emt 0:00:18]} 31. Bd5+ {[%emt 0:00:04]
LAXMAN resigns} 1-0

[Event "SportAccord MindGames Final Tournament"]
[Site "playchess.com #044013"]
[Date "2011.10.29"]
[Round "5"]
[White "Vlad_Artemiev"]
[Black "Gan-Od_Sereenen"]
[Result "1-0"]
[WhiteElo "2894"]
[BlackElo "2619"]
[PlyCount "75"]
[EventDate "2011.10.29"]
[EventType "tourn (blitz)"]

1. Nf3 {[%emt 0:00:02]} c6 {[%emt 0:00:01]} 2. g3 {[%emt 0:00:07]} d5 {[%emt 0:
00:00]} 3. Bg2 {[%emt 0:00:00]} Nf6 {[%emt 0:00:00]} 4. O-O {[%emt 0:00:02]}
Bg4 {[%emt 0:00:01] Gan-Od_Sereenen offers a draw} 5. d4 {[%emt 0:00:06]} Bxf3
{[%emt 0:00:03]} 6. Bxf3 {[%emt 0:00:03]} Nbd7 {[%emt 0:00:00]} 7. c4 {[%emt 0:
00:04]} e6 {[%emt 0:00:01]} 8. Bg2 {[%emt 0:00:05]} Be7 {[%emt 0:00:01]} 9. Qc2
{[%emt 0:00:02]} O-O {[%emt 0:00:01]} 10. Nc3 {[%emt 0:00:02]} Re8 {[%emt 0:00:
01]} 11. Rd1 {[%emt 0:00:02]} Rc8 {[%emt 0:00:03]} 12. e4 {[%emt 0:00:05]} dxe4
{[%emt 0:00:00]} 13. Nxe4 {[%emt 0:00:01]} Nxe4 {[%emt 0:00:00]} 14. Bxe4 {
[%emt 0:00:01]} Nf8 {[%emt 0:00:00]} 15. Be3 {[%emt 0:00:03]} a6 {[%emt 0:00:
01]} 16. Qe2 {[%emt 0:00:07]} Qa5 {[%emt 0:00:06]} 17. Qf3 {[%emt 0:00:07]} Bf6
{[%emt 0:00:11]} 18. a3 {[%emt 0:00:12]} Red8 {[%emt 0:00:12]} 19. b4 {[%emt 0:
00:10]} Qc7 {[%emt 0:00:01]} 20. Rac1 {[%emt 0:00:11]} Qe7 {[%emt 0:00:23]} 21.
h4 {[%emt 0:00:12]} h6 {[%emt 0:00:07]} 22. Rd2 {[%emt 0:00:09]} Rd7 {[%emt 0:
00:01]} 23. Rcd1 {[%emt 0:00:02]} Rcd8 {[%emt 0:00:01]} 24. Kg2 {[%emt 0:00:07]
} Rd6 {[%emt 0:00:06]} 25. d5 {[%emt 0:00:05]} exd5 {[%emt 0:00:04]} 26. cxd5 {
[%emt 0:00:02]} cxd5 {[%emt 0:00:02]} 27. Bxd5 {[%emt 0:00:01]} b6 {[%emt 0:00:
09]} 28. Bb3 {[%emt 0:00:45]} Rxd2 {[%emt 0:00:05]} 29. Rxd2 {[%emt 0:00:00]}
Rxd2 {[%emt 0:00:01]} 30. Bxd2 {[%emt 0:00:00]} a5 {[%emt 0:00:15]} 31. bxa5 {
[%emt 0:00:04]} bxa5 {[%emt 0:00:03]} 32. Bxa5 {[%emt 0:00:01]} Ng6 {[%emt 0:
00:04]} 33. Bb4 {[%emt 0:00:05]} Qa7 {[%emt 0:00:04]} 34. Qe4 {[%emt 0:00:11]}
Ne5 {[%emt 0:00:14]} 35. Bd5 {[%emt 0:00:02]} h5 {[%emt 0:00:09]} 36. Qf5 {
[%emt 0:00:04]} Qd4 {[%emt 0:00:12]} 37. Be4 {[%emt 0:00:15]} Ng4 {[%emt 0:00:
16]} 38. Qh7# {[%emt 0:00:03]} 1-0

[Event "SportAccord MindGames Final Tournament"]
[Site "playchess.com #044013"]
[Date "2011.10.29"]
[Round "5"]
[White "Lord Shiva"]
[Black "Sourisblanche"]
[Result "0-1"]
[WhiteElo "2689"]
[BlackElo "2643"]
[PlyCount "80"]
[EventDate "2011.10.29"]
[EventType "tourn (blitz)"]

1. d4 {[%emt 0:00:01]} d5 {[%emt 0:00:02]} 2. Nf3 {[%emt 0:00:01]} Nf6 {[%emt
0:00:02]} 3. e3 {[%emt 0:00:02]} c5 {[%emt 0:00:03]} 4. Be2 {[%emt 0:00:01]}
Nc6 {[%emt 0:00:01]} 5. O-O {[%emt 0:00:00]} e6 {[%emt 0:00:01]} 6. b3 {[%emt
0:00:00]} Be7 {[%emt 0:00:01]} 7. Bb2 {[%emt 0:00:00]} O-O {[%emt 0:00:01]} 8.
c4 {[%emt 0:00:01]} cxd4 {[%emt 0:00:06]} 9. exd4 {[%emt 0:00:01]} b6 {[%emt 0:
00:04]} 10. Ne5 {[%emt 0:00:02]} Bb7 {[%emt 0:00:05]} 11. Nc3 {[%emt 0:00:07]}
dxc4 {[%emt 0:00:09]} 12. Nxc6 {[%emt 0:00:01]} Bxc6 {[%emt 0:00:01]} 13. bxc4
{[%emt 0:00:01]} Rc8 {[%emt 0:00:01]} 14. Rc1 {[%emt 0:00:02]} Re8 {[%emt 0:00:
03]} 15. Qd2 {[%emt 0:00:05]} h6 {[%emt 0:00:03]} 16. Rfd1 {[%emt 0:00:02]} Bb4
{[%emt 0:00:09]} 17. Qe3 {[%emt 0:00:08]} Bb7 {[%emt 0:00:07]} 18. a3 {[%emt 0:
00:02]} Bd6 {[%emt 0:00:02]} 19. h3 {[%emt 0:00:18]} a6 {[%emt 0:00:05]} 20. g3
{[%emt 0:00:05]} Qc7 {[%emt 0:00:08]} 21. Bf1 {[%emt 0:00:06]} Qc6 {[%emt 0:00:
04]} 22. d5 {[%emt 0:00:06]} exd5 {[%emt 0:00:06]} 23. cxd5 {[%emt 0:00:01]}
Qd7 {[%emt 0:00:28]} 24. Qf3 {[%emt 0:00:05]} Be5 {[%emt 0:00:11]} 25. Bg2 {
[%emt 0:00:20]} b5 {[%emt 0:00:08]} 26. Rd3 {[%emt 0:00:19]} a5 {[%emt 0:00:15]
} 27. Re1 {[%emt 0:00:06]} b4 {[%emt 0:00:06]} 28. axb4 {[%emt 0:00:08]} axb4 {
[%emt 0:00:02]} 29. Nd1 {[%emt 0:00:01]} Bxb2 {[%emt 0:00:04]} 30. Rxe8+ {
[%emt 0:00:01]} Qxe8 {[%emt 0:00:14]} 31. Nxb2 {[%emt 0:00:02]} Qe1+ {[%emt 0:
00:02]} 32. Kh2 {[%emt 0:00:03]} Rc1 {[%emt 0:00:02]} 33. g4 {[%emt 0:00:05]}
Qe5+ {[%emt 0:00:25]} 34. Qg3 {[%emt 0:00:09]} Qxb2 {[%emt 0:00:01]} 35. Qb8+ {
[%emt 0:00:02]} Kh7 {[%emt 0:00:01]} 36. Qxb7 {[%emt 0:00:04]} Qxf2 {[%emt 0:
00:03]} 37. d6 {[%emt 0:00:07]} Qf4+ {[%emt 0:00:03]} 38. Rg3 {[%emt 0:00:04]}
Rc3 {[%emt 0:00:02]} 39. Bf3 {[%emt 0:00:04]} Rc2+ {[%emt 0:00:08]} 40. Bg2 {
[%emt 0:00:01]} Ne4 {[%emt 0:00:06] Lord Shiva resigns} 0-1

[Event "SportAccord MindGames Final Tournament"]
[Site "playchess.com #044013"]
[Date "2011.10.29"]
[Round "5"]
[White "Crg"]
[Black "Beca King"]
[Result "0-1"]
[WhiteElo "2572"]
[BlackElo "2662"]
[PlyCount "112"]
[EventDate "2011.10.29"]
[EventType "tourn (blitz)"]

1. d4 {[%emt 0:00:01]} Nf6 {[%emt 0:00:02]} 2. c4 {[%emt 0:00:03]} c5 {[%emt 0:
00:01]} 3. d5 {[%emt 0:00:02]} e6 {[%emt 0:00:01]} 4. Nc3 {[%emt 0:00:02]} exd5
{[%emt 0:00:01]} 5. cxd5 {[%emt 0:00:00]} d6 {[%emt 0:00:00]} 6. Nf3 {[%emt 0:
00:02]} g6 {[%emt 0:00:01]} 7. g3 {[%emt 0:00:01]} Bg7 {[%emt 0:00:01]} 8. Bg2
{[%emt 0:00:00]} O-O {[%emt 0:00:00]} 9. Nd2 {[%emt 0:00:01]} b6 {[%emt 0:00:
02]} 10. O-O {[%emt 0:00:04]} Re8 {[%emt 0:00:01]} 11. a4 {[%emt 0:00:03]} Ba6
{[%emt 0:00:01]} 12. Re1 {[%emt 0:00:01]} Nbd7 {[%emt 0:00:03]} 13. Nb5 {[%emt
0:00:02]} Bxb5 {[%emt 0:00:03]} 14. axb5 {[%emt 0:00:00]} Qc7 {[%emt 0:00:03]}
15. f4 {[%emt 0:00:08]} a5 {[%emt 0:00:02]} 16. Nc4 {[%emt 0:00:07]} Ne4 {
[%emt 0:00:03]} 17. Ra3 {[%emt 0:00:07]} f5 {[%emt 0:00:01]} 18. h3 {[%emt 0:
00:12]} Re7 {[%emt 0:00:06]} 19. Kh2 {[%emt 0:00:01]} Rae8 {[%emt 0:00:02]} 20.
Be3 {[%emt 0:00:04]} Ndf6 {[%emt 0:00:05]} 21. Bg1 {[%emt 0:00:02]} h5 {[%emt
0:00:02]} 22. Rd3 {[%emt 0:00:19]} Kf7 {[%emt 0:00:01]} 23. Ne5+ {[%emt 0:00:
06]} dxe5 {[%emt 0:00:36]} 24. d6 {[%emt 0:00:01]} Nxd6 {[%emt 0:00:01]} 25.
Rxd6 {[%emt 0:00:00]} e4 {[%emt 0:00:05]} 26. Rc6 {[%emt 0:00:14]} Qb7 {[%emt
0:00:01]} 27. Qb3+ {[%emt 0:00:03]} Kf8 {[%emt 0:00:06]} 28. Rd1 {[%emt 0:00:
01]} Rd7 {[%emt 0:00:01]} 29. Rxd7 {[%emt 0:00:03]} Nxd7 {[%emt 0:00:16]} 30.
Rxg6 {[%emt 0:00:04]} Nf6 {[%emt 0:00:01]} 31. Rg5 {[%emt 0:00:03]} Qd7 {[%emt
0:00:01]} 32. Be3 {[%emt 0:00:16]} Rd8 {[%emt 0:00:05]} 33. Qc4 {[%emt 0:00:32]
} Qd5 {[%emt 0:00:01]} 34. Qc3 {[%emt 0:00:07]} Kf7 {[%emt 0:00:01]} 35. Qc2 {
[%emt 0:00:12]} Bh6 {[%emt 0:00:06]} 36. b3 {[%emt 0:00:05]} Bxg5 {[%emt 0:00:
06]} 37. fxg5 {[%emt 0:00:00]} Nd7 {[%emt 0:00:01]} 38. g4 {[%emt 0:00:06]}
hxg4 {[%emt 0:00:03]} 39. hxg4 {[%emt 0:00:01]} Qe5+ {[%emt 0:00:01]} 40. Kg1 {
[%emt 0:00:03]} f4 {[%emt 0:00:10]} 41. Qc4+ {[%emt 0:00:02]} Kg7 {[%emt 0:00:
01]} 42. Bd2 {[%emt 0:00:02]} Qd4+ {[%emt 0:00:02]} 43. Qxd4+ {[%emt 0:00:06]}
cxd4 {[%emt 0:00:00]} 44. Bxe4 {[%emt 0:00:01]} Nc5 {[%emt 0:00:01]} 45. Bc2 {
[%emt 0:00:03]} d3 {[%emt 0:00:01]} 46. exd3 {[%emt 0:00:10]} Nxd3 {[%emt 0:00:
00]} 47. Bc3+ {[%emt 0:00:04]} Kg8 {[%emt 0:00:01]} 48. Kf1 {[%emt 0:00:07]}
Rc8 {[%emt 0:00:02]} 49. Bxd3 {[%emt 0:00:01]} Rxc3 {[%emt 0:00:01]} 50. Be4 {
[%emt 0:00:04]} Kg7 {[%emt 0:00:01]} 51. Bd5 {[%emt 0:00:02]} Kg6 {[%emt 0:00:
01]} 52. Ke2 {[%emt 0:00:03]} Kxg5 {[%emt 0:00:01]} 53. Kd2 {[%emt 0:00:00]}
Rc5 {[%emt 0:00:02]} 54. Be6 {[%emt 0:00:03]} Rxb5 {[%emt 0:00:01]} 55. Kc3 {
[%emt 0:00:00]} Rc5+ {[%emt 0:00:01]} 56. Kd4 {[%emt 0:00:01]} f3 {[%emt 0:00:
03] Crg resigns} 0-1

[Event "SportAccord MindGames Final Tournament"]
[Site "playchess.com #044013"]
[Date "2011.10.29"]
[Round "5"]
[White "ChennaiKramnik"]
[Black "Itachi"]
[Result "0-1"]
[WhiteElo "2543"]
[BlackElo "2621"]
[PlyCount "86"]
[EventDate "2011.10.29"]
[EventType "tourn (blitz)"]

1. d4 {[%emt 0:00:02]} d5 {[%emt 0:00:01]} 2. c4 {[%emt 0:00:01]} dxc4 {[%emt
0:00:00]} 3. e4 {[%emt 0:00:02]} Nc6 {[%emt 0:00:03]} 4. Nf3 {[%emt 0:00:07]}
Nf6 {[%emt 0:00:01]} 5. Nc3 {[%emt 0:00:08]} e5 {[%emt 0:00:03]} 6. d5 {[%emt
0:00:06]} Na5 {[%emt 0:00:01]} 7. Nxe5 {[%emt 0:00:04]} Bd6 {[%emt 0:00:46]} 8.
Nxc4 {[%emt 0:00:12]} Nxc4 {[%emt 0:00:01]} 9. Bxc4 {[%emt 0:00:01]} O-O {
[%emt 0:00:00]} 10. O-O {[%emt 0:00:02]} Re8 {[%emt 0:00:23]} 11. Bd3 {[%emt 0:
00:11]} Ng4 {[%emt 0:00:30]} 12. h3 {[%emt 0:00:13]} Qh4 {[%emt 0:00:01]} 13.
Qe2 {[%emt 0:00:19]} Nh2 {[%emt 0:00:14]} 14. f4 {[%emt 0:00:36]} Nxf1 {[%emt
0:00:05]} 15. Qxf1 {[%emt 0:00:03]} Qg3 {[%emt 0:00:08]} 16. Bd2 {[%emt 0:00:
05]} Bxh3 {[%emt 0:00:12]} 17. Qf3 {[%emt 0:00:09]} Bc5+ {[%emt 0:00:09]} 18.
Kh1 {[%emt 0:00:05]} Bxg2+ {[%emt 0:00:01]} 19. Qxg2 {[%emt 0:00:01]} Qxd3 {
[%emt 0:00:01]} 20. f5 {[%emt 0:00:08]} Bd4 {[%emt 0:00:09]} 21. Re1 {[%emt 0:
00:02]} Rad8 {[%emt 0:00:03]} 22. Bg5 {[%emt 0:00:11]} Rd6 {[%emt 0:00:07]} 23.
Rd1 {[%emt 0:00:02]} Qc4 {[%emt 0:00:04]} 24. Ne2 {[%emt 0:00:02]} Bxb2 {[%emt
0:00:08]} 25. Ng3 {[%emt 0:00:02]} Be5 {[%emt 0:00:01]} 26. Nh5 {[%emt 0:00:01]
} Kf8 {[%emt 0:00:16]} 27. Re1 {[%emt 0:00:07]} Bc3 {[%emt 0:00:01]} 28. Re2 {
[%emt 0:00:03]} Rxd5 {[%emt 0:00:01]} 29. f6 {[%emt 0:00:05]} Rd1+ {[%emt 0:00:
01]} 30. Kh2 {[%emt 0:00:02]} Be5+ {[%emt 0:00:01]} 31. Kh3 {[%emt 0:00:02]}
Qe6+ {[%emt 0:00:02]} 32. Kh4 {[%emt 0:00:03]} gxf6 {[%emt 0:00:06]} 33. Bh6+ {
[%emt 0:00:02]} Ke7 {[%emt 0:00:00]} 34. Ng7 {[%emt 0:00:10]} Rg8 {[%emt 0:00:
02]} 35. Nxe6 {[%emt 0:00:31] .} Rxg2 {[%emt 0:00:02]} 36. Rxg2 {[%emt 0:00:02]
} Rh1+ {[%emt 0:00:03]} 37. Kg4 {[%emt 0:00:02]} fxe6 {[%emt 0:00:00]} 38. Be3
{[%emt 0:00:02]} b6 {[%emt 0:00:01]} 39. Kf3 {[%emt 0:00:01]} h5 {[%emt 0:00:
03]} 40. Rg7+ {[%emt 0:00:01]} Kd6 {[%emt 0:00:01]} 41. Bd2 {[%emt 0:00:03]} h4
{[%emt 0:00:02]} 42. Bh6 {[%emt 0:00:04]} h3 {[%emt 0:00:02]} 43. Rh7 {[%emt 0:
00:02]} h2 {[%emt 0:00:03] ChennaiKramnik resigns} 0-1

[Event "SportAccord MindGames Final Tournament"]
[Site "playchess.com #044013"]
[Date "2011.10.29"]
[Round "5"]
[White "Munkhgal"]
[Black "FCChelsea"]
[Result "1-0"]
[WhiteElo "2447"]
[BlackElo "2547"]
[PlyCount "109"]
[EventDate "2011.10.29"]
[EventType "tourn (blitz)"]

1. d4 {[%emt 0:00:01]} Nf6 {[%emt 0:00:01]} 2. c4 {[%emt 0:00:01]} e6 {[%emt 0:
00:01]} 3. Nc3 {[%emt 0:00:01]} Bb4 {[%emt 0:00:01]} 4. Qc2 {[%emt 0:00:09]} c5
{[%emt 0:00:02]} 5. dxc5 {[%emt 0:00:03]} O-O {[%emt 0:00:01]} 6. a3 {[%emt 0:
00:04]} Bxc5 {[%emt 0:00:01]} 7. Nf3 {[%emt 0:00:03]} b6 {[%emt 0:00:01]} 8. b4
{[%emt 0:00:10]} Be7 {[%emt 0:00:02]} 9. e4 {[%emt 0:00:02]} Bb7 {[%emt 0:00:
16]} 10. Bd3 {[%emt 0:00:04]} d6 {[%emt 0:00:08]} 11. O-O {[%emt 0:00:05]} Nbd7
{[%emt 0:00:01]} 12. Bf4 {[%emt 0:00:10]} Nh5 {[%emt 0:00:10]} 13. Be3 {[%emt
0:00:02]} Ne5 {[%emt 0:00:01]} 14. Be2 {[%emt 0:00:05]} Nf6 {[%emt 0:00:06]}
15. Nxe5 {[%emt 0:00:07]} dxe5 {[%emt 0:00:01]} 16. f3 {[%emt 0:00:01]} Rc8 {
[%emt 0:00:04]} 17. Rfd1 {[%emt 0:00:03]} Qc7 {[%emt 0:00:01]} 18. Rac1 {[%emt
0:00:08]} Nh5 {[%emt 0:00:01]} 19. Bf1 {[%emt 0:00:08]} h6 {[%emt 0:00:05]} 20.
Nb5 {[%emt 0:00:05]} Qb8 {[%emt 0:00:01]} 21. Rd7 {[%emt 0:00:04]} Bg5 {[%emt
0:00:13]} 22. Bxg5 {[%emt 0:00:07]} hxg5 {[%emt 0:00:01]} 23. Qd2 {[%emt 0:00:
02]} Bc6 {[%emt 0:00:16]} 24. Re7 {[%emt 0:00:29]} Bxb5 {[%emt 0:00:08]} 25.
cxb5 {[%emt 0:00:00]} Rxc1 {[%emt 0:00:05]} 26. Qxc1 {[%emt 0:00:01]} Nf4 {
[%emt 0:00:02]} 27. Qc7 {[%emt 0:00:14]} Qxc7 {[%emt 0:00:32]} 28. Rxc7 {[%emt
0:00:02]} Ra8 {[%emt 0:00:01]} 29. g3 {[%emt 0:00:03]} Nh5 {[%emt 0:00:05]} 30.
a4 {[%emt 0:00:16]} Nf6 {[%emt 0:00:20]} 31. a5 {[%emt 0:00:02]} g4 {[%emt 0:
00:11]} 32. f4 {[%emt 0:00:09]} exf4 {[%emt 0:00:08]} 33. gxf4 {[%emt 0:00:02]}
Nxe4 {[%emt 0:00:11]} 34. Bg2 {[%emt 0:00:02]} f5 {[%emt 0:00:01]} 35. Bxe4 {
[%emt 0:00:01]} fxe4 {[%emt 0:00:01]} 36. Kf2 {[%emt 0:00:09]} bxa5 {[%emt 0:
00:01]} 37. bxa5 {[%emt 0:00:02]} Rb8 {[%emt 0:00:01]} 38. Rc5 {[%emt 0:00:08]}
Rd8 {[%emt 0:00:06]} 39. Ke3 {[%emt 0:00:02]} Rd3+ {[%emt 0:00:03]} 40. Kxe4 {
[%emt 0:00:01]} Ra3 {[%emt 0:00:01]} 41. a6 {[%emt 0:00:02]} Rb3 {[%emt 0:00:
11]} 42. Ke5 {[%emt 0:00:02]} Rb2 {[%emt 0:00:07]} 43. Kd6 {[%emt 0:00:02]}
Rxh2 {[%emt 0:00:09]} 44. Rg5 {[%emt 0:00:12]} Rc2 {[%emt 0:00:07]} 45. Rxg4 {
[%emt 0:00:03]} Kf7 {[%emt 0:00:01]} 46. Rg5 {[%emt 0:00:03]} Kf6 {[%emt 0:00:
01]} 47. Rc5 {[%emt 0:00:02]} Rf2 {[%emt 0:00:04]} 48. Kc7 {[%emt 0:00:07]}
Rxf4 {[%emt 0:00:01]} 49. Kb7 {[%emt 0:00:01]} g5 {[%emt 0:00:01]} 50. Kxa7 {
[%emt 0:00:02]} g4 {[%emt 0:00:01]} 51. b6 {[%emt 0:00:05]} g3 {[%emt 0:00:01]}
52. b7 {[%emt 0:00:02]} g2 {[%emt 0:00:04]} 53. b8=Q {[%emt 0:00:02]} g1=Q {
[%emt 0:00:08]} 54. Qf8+ {[%emt 0:00:06]} Kg6 {[%emt 0:00:01] FCChelsea resigns
} 55. Qg8+ {[%emt 0:00:01]} 1-0

[Event "SportAccord MindGames Final Tournament"]
[Site "playchess.com #044013"]
[Date "2011.10.29"]
[Round "6"]
[White "FCChelsea"]
[Black "Lord Shiva"]
[Result "0-1"]
[WhiteElo "2525"]
[BlackElo "2662"]
[PlyCount "50"]
[EventDate "2011.10.29"]
[EventType "tourn (blitz)"]

1. Nf3 {[%emt 0:00:01]} c5 {[%emt 0:00:01]} 2. c4 {[%emt 0:00:03]} Nc6 {[%emt
0:00:01]} 3. g3 {[%emt 0:00:01]} Nf6 {[%emt 0:00:01]} 4. Bg2 {[%emt 0:00:01]}
g6 {[%emt 0:00:01]} 5. O-O {[%emt 0:00:01]} Bg7 {[%emt 0:00:01]} 6. Nc3 {[%emt
0:00:01]} O-O {[%emt 0:00:00]} 7. d3 {[%emt 0:00:01]} d6 {[%emt 0:00:01]} 8. a3
{[%emt 0:00:01]} Bg4 {[%emt 0:00:04] Lord Shiva offers a draw} 9. Rb1 {[%emt 0:
00:02]} Rb8 {[%emt 0:00:02]} 10. b4 {[%emt 0:00:02]} cxb4 {[%emt 0:00:03]} 11.
axb4 {[%emt 0:00:01]} d5 {[%emt 0:00:02]} 12. b5 {[%emt 0:00:05]} Na5 {[%emt 0:
00:01]} 13. Nxd5 {[%emt 0:00:08]} Nxd5 {[%emt 0:00:01]} 14. cxd5 {[%emt 0:00:
01]} Qxd5 {[%emt 0:00:01]} 15. Be3 {[%emt 0:00:01]} b6 {[%emt 0:00:15]} 16. Nd4
{[%emt 0:00:03]} Qa2 {[%emt 0:00:13]} 17. Nc6 {[%emt 0:00:12]} Nxc6 {[%emt 0:
00:03]} 18. f3 {[%emt 0:00:38]} Nd4 {[%emt 0:00:02]} 19. fxg4 {[%emt 0:00:09]}
Nxe2+ {[%emt 0:00:03]} 20. Kh1 {[%emt 0:00:01]} Nc3 {[%emt 0:00:04]} 21. Qb3 {
[%emt 0:00:17]} Qe2 {[%emt 0:00:11]} 22. Rbe1 {[%emt 0:00:05]} Qxd3 {[%emt 0:
00:02]} 23. Bf4 {[%emt 0:00:01]} Rbe8 {[%emt 0:00:16]} 24. Bc6 {[%emt 0:00:10]}
Rd8 {[%emt 0:00:02]} 25. Rxe7 {[%emt 0:00:07]} Qxf1# {[%emt 0:00:02]} 0-1

[Event "SportAccord MindGames Final Tournament"]
[Site "playchess.com #044013"]
[Date "2011.10.29"]
[Round "6"]
[White "Gan-Od_Sereenen"]
[Black "DirtyJoker"]
[Result "1-0"]
[WhiteElo "2613"]
[BlackElo "2620"]
[PlyCount "49"]
[EventDate "2011.10.29"]
[EventType "tourn (blitz)"]

1. Nf3 {[%emt 0:00:02]} Nf6 {[%emt 0:00:02]} 2. g3 {[%emt 0:00:01]} d5 {[%emt
0:00:01]} 3. Bg2 {[%emt 0:00:00]} c6 {[%emt 0:00:01]} 4. O-O {[%emt 0:00:00]}
Bf5 {[%emt 0:00:02]} 5. b3 {[%emt 0:00:01]} e6 {[%emt 0:00:01]} 6. Bb2 {[%emt
0:00:01]} Be7 {[%emt 0:00:03]} 7. a4 {[%emt 0:00:01]} O-O {[%emt 0:00:03]} 8.
d3 {[%emt 0:00:00]} h6 {[%emt 0:00:01]} 9. Nbd2 {[%emt 0:00:01]} c5 {[%emt 0:
00:06]} 10. Re1 {[%emt 0:00:01]} Nc6 {[%emt 0:00:02]} 11. Ne5 {[%emt 0:00:03]}
Nxe5 {[%emt 0:00:05]} 12. Bxe5 {[%emt 0:00:00]} Nd7 {[%emt 0:00:01]} 13. Bb2 {
[%emt 0:00:01]} Bf6 {[%emt 0:00:03]} 14. Qc1 {[%emt 0:00:00]} Bh7 {[%emt 0:00:
03]} 15. e4 {[%emt 0:00:02]} Bxb2 {[%emt 0:00:08]} 16. Qxb2 {[%emt 0:00:00]}
Nf6 {[%emt 0:00:07]} 17. a5 {[%emt 0:00:03]} Rc8 {[%emt 0:00:15]} 18. Qe5 {
[%emt 0:00:07]} dxe4 {[%emt 0:00:22]} 19. Bxe4 {[%emt 0:00:03]} Nxe4 {[%emt 0:
00:04]} 20. Nxe4 {[%emt 0:00:01]} Qd4 {[%emt 0:00:09]} 21. Nd6 {[%emt 0:00:10]}
Rc6 {[%emt 0:00:12]} 22. Nxb7 {[%emt 0:00:10]} Qb4 {[%emt 0:00:13]} 23. Nd6 {
[%emt 0:00:10]} Rd8 {[%emt 0:00:18]} 24. Nc4 {[%emt 0:00:03]} Rd5 {[%emt 0:00:
01]} 25. Qxd5 {[%emt 0:00:07] DirtyJoker resigns} 1-0

[Event "SportAccord MindGames Final Tournament"]
[Site "playchess.com #044013"]
[Date "2011.10.29"]
[Round "6"]
[White "Beca King"]
[Black "Munkhgal"]
[Result "1-0"]
[WhiteElo "2675"]
[BlackElo "2473"]
[PlyCount "93"]
[EventDate "2011.10.29"]
[EventType "tourn (blitz)"]

1. d4 {[%emt 0:00:02]} Nf6 {[%emt 0:00:01]} 2. c4 {[%emt 0:00:01]} e6 {[%emt 0:
00:00]} 3. Nf3 {[%emt 0:00:01]} d5 {[%emt 0:00:02]} 4. Nc3 {[%emt 0:00:01]} Bb4
{[%emt 0:00:01]} 5. e3 {[%emt 0:00:02]} O-O {[%emt 0:00:03]} 6. Bd3 {[%emt 0:
00:01]} c5 {[%emt 0:00:04]} 7. cxd5 {[%emt 0:00:02]} exd5 {[%emt 0:00:02]} 8.
O-O {[%emt 0:00:01]} c4 {[%emt 0:00:02]} 9. Be2 {[%emt 0:00:03]} Nc6 {[%emt 0:
00:03]} 10. a3 {[%emt 0:00:02]} Bxc3 {[%emt 0:00:04]} 11. bxc3 {[%emt 0:00:00]}
Ne4 {[%emt 0:00:02]} 12. Qc2 {[%emt 0:00:14]} Bf5 {[%emt 0:00:02]} 13. Qb2 {
[%emt 0:00:01]} b5 {[%emt 0:00:18]} 14. Nd2 {[%emt 0:00:02]} Rb8 {[%emt 0:00:
15]} 15. Nxe4 {[%emt 0:00:01]} Bxe4 {[%emt 0:00:03]} 16. f3 {[%emt 0:00:06]}
Bg6 {[%emt 0:00:04]} 17. Bd2 {[%emt 0:00:10]} a5 {[%emt 0:00:03]} 18. Rfe1 {
[%emt 0:00:02]} Re8 {[%emt 0:00:05]} 19. Bf1 {[%emt 0:00:01]} Qd6 {[%emt 0:00:
07]} 20. Qc1 {[%emt 0:00:02]} Rb7 {[%emt 0:00:12]} 21. Ra2 {[%emt 0:00:07]} h5
{[%emt 0:00:16]} 22. Be2 {[%emt 0:00:28]} h4 {[%emt 0:00:06]} 23. Bf1 {[%emt 0:
00:02]} Qb8 {[%emt 0:00:07]} 24. Rb2 {[%emt 0:00:17]} Qd6 {[%emt 0:00:04]} 25.
Ra2 {[%emt 0:00:03]} Qb8 {[%emt 0:00:04]} 26. Rb2 {[%emt 0:00:02]} Qd8 {[%emt
0:00:08]} 27. h3 {[%emt 0:00:13]} Qe7 {[%emt 0:00:05]} 28. Ra2 {[%emt 0:00:09]}
Qd6 {[%emt 0:00:05]} 29. Be2 {[%emt 0:00:10]} Ne7 {[%emt 0:00:07]} 30. Bf1 {
[%emt 0:00:03]} Nf5 {[%emt 0:00:13]} 31. e4 {[%emt 0:00:01]} dxe4 {[%emt 0:00:
02]} 32. fxe4 {[%emt 0:00:01]} Ng3 {[%emt 0:00:04]} 33. Bf4 {[%emt 0:00:01]}
Qc6 {[%emt 0:00:12]} 34. Bxg3 {[%emt 0:00:14]} hxg3 {[%emt 0:00:00]} 35. e5 {
[%emt 0:00:01]} Qd5 {[%emt 0:00:17]} 36. Qg5 {[%emt 0:00:05]} b4 {[%emt 0:00:
04]} 37. axb4 {[%emt 0:00:10]} axb4 {[%emt 0:00:01]} 38. Qxg3 {[%emt 0:00:01]}
b3 {[%emt 0:00:07]} 39. Rb2 {[%emt 0:00:01]} Ra7 {[%emt 0:00:06]} 40. Qf2 {
[%emt 0:00:07]} Rea8 {[%emt 0:00:07]} 41. e6 {[%emt 0:00:02]} Be4 {[%emt 0:00:
11]} 42. Rxe4 {[%emt 0:00:06]} Qxe4 {[%emt 0:00:03]} 43. exf7+ {[%emt 0:00:01]}
Kf8 {[%emt 0:00:07]} 44. Bxc4 {[%emt 0:00:01]} Ra1+ {[%emt 0:00:04]} 45. Kh2 {
[%emt 0:00:02]} R8a2 {[%emt 0:00:01]} 46. Qg3 {[%emt 0:00:12]} g5 {[%emt 0:00:
11]} 47. Qb8+ {[%emt 0:00:04] Time} 1-0